Arabic Speaking Countries Quiz Stats

 Plays Quiz Updated Nov 23, 2018

     
Support Sporcle.
Go Orange.
Score 0/24 Timer 05:00
18 Plays Today
Population Country % Correct
86,895,099Egypt
96.6%
27,345,986Saudi Arabia
95.8%
32,585,692Iraq
95.7%
5,628,805United Arab Emirates
90%
26,052,966Yemen
89.7%
3,219,775Oman
88.7%
32,987,206Morocco
88.2%
17,951,639Syria
88.2%
6,244,174Libya
86.1%
7,930,491Jordan
85.9%
38,813,722 Algeria
85.4%
2,123,160Qatar
83.6%
Population Country % Correct
35,482,233Sudan
83.2%
4,099,000Lebanon
82.2%
2,742,711Kuwait
81.4%
10,937,521Tunisia
81%
5,882,562Palestine
74.6%
1,314,089Bahrain
74%
10,428,043Somalia
71.9%
11,412,107 Chad
68.2%
810,179Djibouti
60.4%
6,380,803Eritrea
60.3%
3,516,806Mauritania
55.4%
766,865Comoros
32.9%

From the Vault

'I' First Names

by Exodiafinder687

Pretty much everybody refers to themselves as "I", right?
Remove Ads.
Support Sporcle.
Get the best of Sporcle when you Go Orange. This ad-free experience offers more features, more stats, and more fun while also helping to support Sporcle. Thank you for becoming a member.

Show Comments

Extras

Top Quizzes Today


Score Distribution

Your Account Isn't Verified!

In order to create a playlist on Sporcle, you need to verify the email address you used during registration. Go to your Sporcle Settings to finish the process.

Report this User

Report this user for behavior that violates our Community Guidelines.

Details: